000 00763nam a2200265Ia 4500
003 OSt
005 20221006143912.0
006 a|||||r|||| 00| 0
007 ta
008 221006b |||||||| |||| 00| 0 eng d
020 _c
_18.95 (each)
024 _a10,351
037 _cTextual
040 _aEASL
_cEASL
_beng
041 _2eng
_aeng
082 _aW.4.N79, M0
100 _aCHAWLA Sudershan Ed.
245 0 _aChanging patterns of security and stability in Asia
260 _aPraeger
_bPraeger Publishers
_c1980
300 _a258p.
_ccm.
490 _v Oth
_aPraeger special studies
700 _a D.R Sardesai Ed.
_9650604
942 _hW.4.N79, M0
_cTEXL
_2CC
999 _c1078437
_d1078437